书目信息 |
| 题名: |
访美观感
|
|
| 作者: | ;中国社会科学院访美代表团 著 | |
| 分册: | ||
| 出版信息: | 北京 中国社会科学出版社 1979 |
|
| 页数: | 96页 | |
| 开本: | 19cm | |
| 丛书名: | ||
| 单 册: | ||
| 中图分类: | D771.28 | |
| 科图分类: | ||
| 主题词: | 社会问题--美国 | |
| 电子资源: | ||
| ISBN: | ||
| 000 | 00661nam0 2200229 45 | |
| 001 | 0179000320 | |
| 005 | 20060803144822.42 | |
| 010 | @dCNY0.34 | |
| 091 | @aCN@b3190.010 | |
| 100 | @a19950712d1979 kemy0chiy0121 ea | |
| 101 | 0 | @achi |
| 102 | @aCN@b110000 | |
| 105 | @ay z 000yy | |
| 200 | 10 | @a访美观感@Afang mei guan gan@f中国社会科学院访美代表团著 |
| 210 | @a北京@c中国社会科学出版社@d1979 | |
| 215 | @a96页@d19cm | |
| 300 | @a内部发行 | |
| 606 | @a社会问题@y美国 | |
| 690 | @aD771.28@v3 | |
| 711 | 02 | @a中国社会科学院访美代表团@Azhong guo she hui ke xue yuan fang mei dai biao tuan@4著 |
| 801 | 0 | @aCN@bTSSF@c20060803 |
| 905 | @a10447@dD771.28@e257 | |
| 访美观感/中国社会科学院访美代表团著.-北京:中国社会科学出版社,1979 |
| 96页;19cm |
| 内部发行 |
| ISBN :CNY0.34 |
| ● |
| 相关链接 |
|
|
|
|
正题名:访美观感
索取号:D771.28/257
 
预约/预借
| 序号 | 登录号 | 条形码 | 馆藏地/架位号 | 状态 | 备注 |
| 1 | 0440318 | 204403181 | 密集书库/ [索取号:D771.28/257] | 在馆 | |
| 2 | 0446612 | 204466121 | 密集书库/ [索取号:D771.28/257] | 在馆 |